| 000 | 00000nam##2200000za#4500 |
| 001 | 9.691583 |
| 003 | CaOODSP |
| 005 | 20210624232830 |
| 007 | cr ||||||||||| |
| 008 | 150407|2008||||xxc|||||o f|0| 0 eng|d |
| 020 | |a978-1-100-11198-8 |
| 040 | |aCaOODSP|beng |
| 043 | |an-cn--- |
| 086 | 1 |aV32-211/2008E-PDF |
| 110 | 1 |aCanada. |bVeterans Affairs Canada. |
| 245 | 10|aVeterans Affairs in service to the Royal Canadian Mounted Police |h[electronic resource] |
| 250 | |aRevision |
| 260 | |aCharlottetown - Prince Edward Island : |bVeterans Affairs Canada |cApril 2008. |
| 300 | |a19p.|btables |
| 500 | |aIncorrect Cat. No. (V32-125/2003) and ISBN (0-662-67815-X) printed on this publication. |
| 590 | |a11-13-Supp|b2011-08-04 |
| 775 | 08|tAnciens Combattants au service de la Gendarmerie royale du Canada |w(CaOODSP)9.635910 |
| 856 | 40|ahttp://publications.gc.ca|qPDF|s477 KB|uhttps://publications.gc.ca/collections/collection_2011/acc-vac/V32-211-2008-eng.pdf |